Hitelezési folyamat a Kereskedelmi és Hitelbank Rt-nél
Elmentve itt :
| Szerző: | |
|---|---|
| További közreműködők: | |
| Dokumentumtípus: | Szakdolgozat |
| Megjelent: |
1999
|
| Kulcsszavak: | Hitelezés, banki Vállalkozások hitellehetőségei |
| Tárgyszavak: | |
| Online Access: | http://diploma.bibl.u-szeged.hu/100401 |
| LEADER | 00734nta a2200217 i 4500 | ||
|---|---|---|---|
| 001 | dipl100401 | ||
| 005 | 20211123094152.0 | ||
| 008 | 211123s1999 hu om 0|| hun d | ||
| 040 | |a SZTE Diploma Repozitórium |b hun | ||
| 041 | |a hun | ||
| 100 | 1 | |a Gyurcsik Viktor | |
| 245 | 1 | 0 | |a Hitelezési folyamat a Kereskedelmi és Hitelbank Rt-nél |h [elektronikus dokumentum] / |c Viktor Gyurcsik |
| 260 | |c 1999 | ||
| 300 | |a 46 | ||
| 650 | 4 | |a Agrár | |
| 650 | 4 | |a Agricultural sciences | |
| 650 | 4 | |a Other agricultural sciences | |
| 695 | |a Hitelezés, banki | ||
| 695 | |a Vállalkozások hitellehetőségei | ||
| 700 | 1 | |a Makra Lászlóné |e ths | |
| 856 | 4 | 0 | |u http://diploma.bibl.u-szeged.hu/id/eprint/100401/1/1999_gyurcsik_viktor.pdf |z Dokumentum-elérés |